The works of William Shakespeare

保存先:
書誌詳細
第一著者: Shakespeare, William
フォーマット: 図書
言語:Undetermined
出版事項: Londres, Inglaterra Blackie and Son 1890
主題:
タグ: タグ追加
タグなし, このレコードへの初めてのタグを付けませんか!

MARC

LEADER 00000nam a2200000Ia 4500
008 170316s9999 xx 000 0 und d
040 |a cru BVZT 
090 |a 820 S-5w v.1 
100 |a Shakespeare, William 
245 4 |a The works of William Shakespeare 
260 |a Londres, Inglaterra 
260 |b Blackie and Son 
260 |c 1890 
300 |a 347 páginas Vol. I 
650 |a LITERATURA INGLESA 
999 |c 7206  |d 7206 
942 |c 15 D  |h 820 S-5w v.1  |2 z